1203-小湊鉄道の駅 - Statistics

General Stats
  • This quiz has been taken 197 times
  • The average score is 12 of 18
Answer Stats
小湊鉄道線 % Correct
五井
99%
上総中野
94%
海士有木
81%
上総牛久
80%
養老渓谷
75%
上総鶴舞
72%
上総大久保
66%
光風台
65%
上総久保
64%
上総村上
63%
里見
57%
飯給
57%
上総山田
56%
上総川間
53%
月崎
53%
高滝
52%
上総三又
48%
馬立
48%
No matching quizzes found
Score Distribution
Percent of People with Each Score
Percentile by Number Answered
Your Score History
You have not taken this quiz